00680cam a2200193 a 4500020001500000040000800015082002600023245004200049260003500091300002900126650001600155700001900171700002100190856006200211856005400273942000700327999001700334952013500351 a0070387311 cDLC00a708 HIL 2000 A087 Or.04aThe McGraw-Hill museum-goer's guide / aBoston :bMcGraw-Hill,cc2000. a122 p. :bill. ;c21 cm. 0aArt museums1 aWink, Richard.1 aPhipps, Richard.42uhttp://www.loc.gov/catdir/description/mh023/99064485.html41uhttp://www.loc.gov/catdir/toc/mh023/99064485.html cEK c16063d16063 0010406708_000000000000000_HIL_2000_A111_OR70969863aLBAbLBAcA111d2017-12-30o708 HIL 2000 A111 Or.pA28802r2017-12-30yEK